Statistiken für Teilnehmer der UEFA Champions League 2015/16

Klicken Sie hier um das Quiz zu spielen!

Allgemein

  • Dieses Quiz wurde 310 mal gespielt
    (295 seit der letzten Aktualisierung)
  • Das Durchschnittsergebnis liegt bei 25 aus 32

Antwortstatistiken

PlatzLandVerein% Korrekt
1DeutschlandFC Bayern München
99%
1PortugalBenfica Lissabon
96%
2SpanienReal Madrid
96%
1SpanienFC Barcelona
95%
1ItalienJuventus Turin
95%
2Vereinigtes KönigreichManchester City
92%
4Vereinigtes KönigreichManchester United
89%
2PortugalFC Porto
88%
2ItalienAS Roma
87%
1Vereinigtes KönigreichChelsea F.C.
87%
1FrankreichParis Saint-Germain
87%
2RusslandZSKA Moskau
87%
4DeutschlandBayer 04 Leverkusen
85%
1TürkeiGalatasaray Istanbul
84%
1NiederlandePSV Eindhoven
83%
3SpanienAtlético Madrid
82%
3DeutschlandBorussia Mönchengladbach
82%
1UkraineDynamo Kiew
82%
1RusslandZenit St. Petersburg
82%
ELSpanienSevilla FC
81%
3Vereinigtes KönigreichArsenal F.C.
80%
2FrankreichOlympique Lyonnais
80%
1KroatienDinamo Zagreb
77%
4SpanienValencia CF
69%
2DeutschlandVfL Wolfsburg
69%
1SchwedenMalmö FF
67%
1GriechenlandOlympiakos Piräus
65%
2UkraineSchachtar Donezk
64%
1IsraelMaccabi Tel Aviv
59%
1BelgienKAA Gent
56%
1KasachstanFC Astana
42%
1Belarus (Weißrussland)BATE Baryssau
16%

Verteilung der Resultate

Perzentil nach korrekt beantworteten Fragen

Anzahl Personen mit jedem Resultat

Ihre Resultats-Entwicklung

Sie haben dieses Quiz seit der letzten Aktualisierung nicht gespielt